| 000 | 01254nam a2200217Ia 4500 | ||
|---|---|---|---|
| 003 | Ost | ||
| 005 | 20260416102359.0 | ||
| 008 | 260416s9999||||xx |||||||||||||| ||und|| | ||
| 040 | _cfsecg | ||
| 041 | _aara | ||
| 082 | _a658 | ||
| 100 |
_aأمجكوح، نسيمة _eمؤلف |
||
| 245 | 0 |
_aمحاضرات في مقياس تسيير المؤسسة : _bمطبوعة مقدمة لطلبة السنة الثانية السداسي الثالث - شعبة مالية و محاسبة- / _c نسيمة أمجكوح |
|
| 260 |
_aالجزائر _bجامعة الجزائر3: كلية العلوم الإقتصادية، العلوم التجارية وعلوم التسيير _c2021 |
||
| 300 |
_a105 ورقة _bايضاحات _c12 سم |
||
| 504 | _aالمراجع ص.106 | ||
| 520 | _aمدخل عام للمؤسسة ،مفاهيم أساسية حول علم الإدارة،تطور الفكر الإداري ونظرياته،وظائف الإدارة،اتخاذ الق ا رر و الجودة الشاملة في المؤسسة. | ||
| 653 | _aادارة الاعمال | ||
| 710 |
_aجامعة الجزائر3: كلية العلوم الإقتصادية، العلوم التجارية وعلوم التسيير _eناشر علمي |
||
| 942 | _cHANDOUT | ||
| 999 |
_c41331 _d41331 |
||